| Tag |
First Indicator |
Second Indicator |
Subfields |
| LEADER |
00000cam a2200000 a 4500 |
| 001 |
in00001193621 |
| 005 |
20151002052647.0 |
| 008 |
931103s1994 nyua b 001 0 eng |
| 010 |
|
|
|a 93043880
|
| 020 |
|
|
|a 0801429285 (alk. paper)
|
| 035 |
|
|
|a (OCoLC)29466230
|
| 035 |
|
|
|9 AGH9084AM
|
| 040 |
|
|
|a DLC
|c DLC
|d TXA
|d UtOrBLW
|
| 043 |
|
|
|a n-us---
|
| 049 |
|
|
|a TXAM
|
| 050 |
0 |
0 |
|a BV2370.A7
|b W674 1994
|
| 082 |
0 |
0 |
|a 267/.13/0973
|2 20
|
| 100 |
1 |
|
|a Wosh, Peter J.
|
| 245 |
1 |
0 |
|a Spreading the word :
|b the Bible business in nineteenth-century America /
|c Peter J. Wosh.
|
| 264 |
|
1 |
|a Ithaca :
|b Cornell University Press,
|c 1994.
|
| 300 |
|
|
|a xii, 271 pages :
|b illustrations ;
|c 24 cm.
|
| 336 |
|
|
|a text
|b txt
|2 rdacontent
|
| 337 |
|
|
|a unmediated
|b n
|2 rdamedia
|
| 338 |
|
|
|a volume
|b nc
|2 rdacarrier
|
| 504 |
|
|
|a Includes bibliographical references and index.
|
| 610 |
2 |
0 |
|a American Bible Society
|x History
|y 19th century.
|
| 630 |
|
0 |
|a Bible
|x Publication and distribution
|z United States.
|
| 651 |
|
0 |
|a United States
|x Social conditions.
|
| 651 |
|
0 |
|a United States
|x Economic conditions.
|
| 999 |
|
|
|a MARS
|
| 999 |
f |
f |
|s 526d738b-ec6b-3df4-882e-50ca2e91be98
|i e27fc528-94fb-346f-ba61-1e427cd6a647
|t 0
|
| 952 |
f |
f |
|p ric
|a Texas A&M University
|b Rellis Campus
|c Joint Library Facility
|d Remote Storage
|t 0
|e BV2370.A7 W674 1994
|h Library of Congress classification
|i unmediated -- volume
|m A14818499799
|
| 998 |
f |
f |
|a BV2370.A7 W674 1994
|t 0
|l Remote Storage
|